000 00822nam a22002537a 4500
999 _c133264
_d133264
003 dpl
005 20181122181137.0
008 180827b xxu||||| |||| 00| 0 eng d
010 _aB-160822
020 _c00.00
_a8182930006
035 _aB-160822, B-160834, B-160836
037 _bCen Lib/Ret
040 _aDPL
_bEN
_c0
082 _a005.13
_bKUK
100 _aKukreti, Amit Kumar
_961668
245 _aIntroduction to programming and computer fundamentals :
_cby Amit Kumar Kukreti
260 _aNew Delhi
_bInternational scientific publishing academy
_c2005
270 _a4594/9, Daryaganj
_bNew Delhi
_e110002
300 _ax,262p.
_c20cm(Hb)
500 _aIncludes index
650 _aComputer science
_961669
650 _aComputer programming
_91122
942 _2ddc
_cEN
_h005.13
_mKUK